Szczegóły MARC21

Płace w firmie 2020 : tarcza antykryzysowa 1, 2, 3, 4 - jak skorzystać z dodatkowych pieniędzy, rozliczenia z ZUS w czasie pandemii w drugim półroczu 2020 roku, przykłady liczbowe i listy płac /

003 -Nazwa inst., której nr kontr. jest w polu 001 [,]
    • @
    • Nazwa instytucji, której n kontrolny jest w polu 001
    • NUKAT
005 -DATA I CZAS OSTATNIEJ MODYFIKACJI [,]
    • @
    • pole kontrolne
    • 20250709151901.0
020 -Międzynarod. znormalizowany nr książki - ISBN [ , ]
    • a
    • Numer ISBN
    • 9788326991936 Find
040 -Instytucja sporządzająca opis [ , ]
    • a
    • Instytucja, która sporządziła opis (NP)
    • WA U/WM
    • b
    • Język katalogowania
    • pol
    • e
    • Zasady katalogowania
    • rda
    • c
    • Instytucja, która sporządziła rekord (NP)
    • WA U/WMs
    • d
    • Instytucja, która zmodyfikowała rekord (P)
    • WA U/DSW
    • d
    • Instytucja, która zmodyfikowała rekord (P)
    • SZCZ U/AB
942 -Rodzaj dokumentu [ , ]
    • c
    • Rodzaj dokumentu
    • Książka
100 -Hasło główne - nazwa osobowa [1, ]
    • a
    • Nazwa osobowa (NP)
    • Pigulski, Mariusz.
    • e
    • Rodzaj współpracy
    • Autor
    • 9
    • KHW
    • 90345
245 -Strefa tytułu i oznaczenia odpowiedzialności [1,0]
    • a
    • Tytuł
    • Płace w firmie 2020 : Find
    • b
    • Ciąg dalszy tytułu (NP)
    • tarcza antykryzysowa 1, 2, 3, 4 - jak skorzystać z dodatkowych pieniędzy, rozliczenia z ZUS w czasie pandemii w drugim półroczu 2020 roku, przykłady liczbowe i listy płac / Find
    • c
    • Pozostałe elementy strefy tytułu i oznaczenia odpowiedzialności (NP)
    • autorzy Mariusz Pigulski, Bogdan Majkowski, Maciej Karpiński, Michał Culepa, Mariusz Kusion, Sławomir Liżewski.
260 -Strefa adresu wydawniczego [ , ]
    • a
    • Miejsce wydania (P)
    • Warszawa :
    • b
    • Nazwa wydawcy (P)
    • Wiedza i Praktyka,
    • c
    • Data wydania (P)
    • copyright 2020.
300 -Strefa opisu fizycznego [ , ]
    • a
    • Określenie formy książki i/lub objętość (NP)
    • 319, [1] strona :
    • b
    • Oznaczenie ilustracji (NP)
    • ilustracje ;
    • c
    • Format (NP)
    • 24 cm.
336 -Typ zawartości [ , ]
    • a
    • Termin opisujący typ zawartości
    • Tekst
    • b
    • Kod określający zawartość
    • txt
    • 2
    • Źródło (terminu i kodu)
    • rdacontent
337 -Typ mediów [ , ]
    • a
    • Tryb odtwarzania
    • Bez urządzenia pośredniczącego
    • b
    • Kod typu mediów
    • n
    • 2
    • Źródło (terminu i kodu)
    • rdamedia
338 -Typ/rodzaj nośnika [ , ]
    • a
    • Hasło opisujące typ nośnika
    • Wolumin
    • b
    • Kod typu nośnika
    • nc
    • 2
    • Źródło (terminu i kodu)
    • rdacarrier
500 -Uwaga ogólna [ , ]
    • a
    • Uwaga ogólna (NP)
    • Na stronie tytułowej i okładce : Liczymy wynagrodzenia od brutto do netto.
650 -Hasło przedmiotowe [ ,7]
    • a
    • Hasło przedmiotowe
    • Płace
    • x
    • Określnik rzeczowy
    • prawo
    • z
    • Określnik geograficzny
    • Polska
    • y
    • Określnik chronologiczny
    • 1990-
    • v
    • Określnik formalny
    • poradniki.
    • 2
    • Źródło terminu
    • kaba
    • 9
    • KHW
    • 382509
700 -Hasło dodatkowe - nazwa osobowa [1, ]
    • a
    • Nazwa osobowa (NP)
    • Majkowski, Bogdan. Find
    • e
    • Określenie rodzaju współpracy
    • Autor
    • 9
    • KHW
    • 49896
700 -Hasło dodatkowe - nazwa osobowa [1, ]
    • a
    • Nazwa osobowa (NP)
    • Culepa, Michał. Find
    • e
    • Określenie rodzaju współpracy
    • Autor
    • 9
    • KHW
    • 85480
700 -Hasło dodatkowe - nazwa osobowa [1, ]
    • a
    • Nazwa osobowa (NP)
    • Karpiński, Maciej Find
    • c
    • Dopowiedzenie inne niż daty biograficzne (NP)
    • (prawnik).
    • e
    • Określenie rodzaju współpracy
    • Autor
    • 9
    • KHW
    • 556856
700 -Hasło dodatkowe - nazwa osobowa [1, ]
    • a
    • Nazwa osobowa (NP)
    • Kusion, Mariusz. Find
    • e
    • Określenie rodzaju współpracy
    • Autor
    • 9
    • KHW
    • 556855
700 -Hasło dodatkowe - nazwa osobowa [1, ]
    • a
    • Nazwa osobowa (NP)
    • Liżewski, Sławomir. Find
    • e
    • Określenie rodzaju współpracy
    • Autor
    • 9
    • KHW
    • 93842
710 -Hasło dodatkowe - nazwa ciała zbiorowego [2, ]
    • a
    • Nazwa ciała zbiorowego lub nazwa geograficzna jako pierwszy element (NP)
    • Wydawnictwo Wiedza i Praktyka.
    • e
    • Rodzaj współpracy
    • Wydawca
    • 4
    • Kod relacji
    • pbl
    • 9
    • KHW
    • 62975
920 -ISBN [ , ]
    • a
    • ISBN
    • 978-83-269-9193-6 Find
Status udost. Numer inwentarzowy Lokalizacja Data inwentaryzacji
-2E.79692BE2020-09-23
-2S.96607BE2020-09-23